| 000 | 00659nam a2200253Ia 4500 | ||
|---|---|---|---|
| 008 | 170203s9999 xx 000 0 und d | ||
| 020 | _a431057834 | ||
| 050 | _a788.62 | ||
| 050 | _b.Sp756c 2007 | ||
| 100 | _aSpilsbury, Richard | ||
| 245 | _aShould I learn to play the clarinet? / | ||
| 245 | _cRichard Spilsbury. | ||
| 260 | _aOxford : | ||
| 260 | _bHarcourt Educational Ltd. | ||
| 260 | _c2007 | ||
| 300 | _a32 pages : | ||
| 300 | _bcol. ill. ; | ||
| 300 | _c25 cm. | ||
| 440 | _aLearning musical instruments. | ||
| 650 | _aClarinet music. | ||
| 650 | _aClarinet. | ||
| 650 | _xJuvenile literature. | ||
| 650 | _xJuvenile literature. | ||
| 999 |
_c305499 _d305499 |
||